00357nam a22000857a 4500008004100000082001900041245014100060260005500201300001500256230606b xxu||||| |||| 00| 0 eng d a338.96762bNDE aDevelopment and Employment in KenyabA Strategy for the Transformation of he Economy: Report of the Presidential Committee on Employment aKenyabHis Excellency the PresidentcJanuary, 1991 aiii, 279 p